000 00597nam a2200193Ii 4500
003 JO-AjNU
008 230605s9999||||xx |||||||||||||| ||und||
040 _aJO-AjNU
_bara
_erda
_cJO-AjNU
041 _aara
050 1 4 _aLA1490 .J65
100 3 _aعمايرة، محمد حسن,
_eauthor
_943375
245 0 0 _aالتربية والتعليم في الأردن
250 _aط1
264 3 1 _aعمان: دا المسيرة 1999
336 _atext
_btxt
_2rdacontent
337 _aunmediated
_bn
_2rdamedia
338 _avolume
_bnc
_2rdacarrier
650 4 _aالتعليم - الأردن
_943376
999 _aA18643
_c22211
_d22211